Ecological methods

Saved in:
Bibliographic Details
Main Author: Southwood, Richard Sir
Other Authors: Henderson, P. A.
Format: Book
Language:English
Published: Oxford : Blackwell Science, 2000
Edition:3rd ed.
Subjects:
Tags: Add Tag
No Tags, Be the first to tag this record!

MARC

LEADER 00000nam a2200000 i 4500
001 1/95413
008 081015s2000 eng d
020 |a 978-0-632-05477-0 
020 |a 0-632-05477-8 
035 |l 10100890 
040 |a GR-MY-UA  |b gre  |e aacr 
041 0 |a eng 
082 0 |a 577.028  |2 (22) 
100 1 |a Southwood, Richard  |c Sir. 
245 1 0 |a Ecological methods /  |c T.R.E. Southwood, P.A. Henderson 
250 |a 3rd ed. 
260 |a Oxford :   |b Blackwell Science,   |c 2000 
300 |a xv, 575 σ.;  |b εικ., πίν.;  |c 25 εκ. 
500 |a Αυτό το βιβλίο έχει μια ενεργή ιστοσελίδα που παρέχει επιπρόσθετες εικονογραφήσεις, λεπτομέρειες εξοπλισμού και προγράμματα υπολογιστών καθώς επίσης και αναφορές στη δουλειά που δημοσιεύτηκε μέχρι το χειρόγραφο να ολοκληρωθεί.Η διεύθυνση της ιστοσελίδας είναι http://www.blackwell-science.com/southwood 
504 |a Περιέχει βιβλιογραφικές παραπομπές και ευρετήριο 
650 0 0 |a Ecology  |x Technique. 
650 0 0 |a Animal populations. 
700 1 |a Henderson, P. A. 
852 |a INST  |b LESVOS  |e 20081015  |h 577.028 SOU  |p 005100044322  |q 005100044322  |t BK  |y 0 
901 |a BIBL1-2008-3 
909 |a Λ  |b 144292 
922 |a 1ΕΛΗ  |b 200801  |c ΕΠΕΑΕΚ2/ΤΕΘ  |d ΠΑΠΑΣΩΤΗΡΙΟΥ 
970 |a ΓΙΑΛΑΜΑ  |b ΜΑΡΙΑ  |z 2008/10/15